000 00302nam a22001337a 4500
008 170508b xxu||||| |||| 00| 0 eng d
020 _a2900314259669
041 _aeng
080 _25TH
_a34
100 _a15
101 _aSHJ
245 _aCORPORATIONS LAW AND POLICY
_cBAUMAN, J.F
942 _2udc
_cBK
999 _c12915
_d12915